|
|
|
|
| LEADER |
00844nam a2200229 a 4500 |
| 001 |
1221288 |
| 008 |
101128s1957 nyu b 001 0 eng d |
| 010 |
|
|
|a 57011864
|
| 020 |
|
|
|a 070464758
|
| 040 |
|
|
|a DLC
|c DLC
|d DLC
|d BD-DhAAL
|
| 082 |
0 |
0 |
|a 153.7/33
|2 21
|
| 100 |
1 |
|
|a Nichols, Ralph G.
|
| 245 |
1 |
0 |
|a Are you listening?
|c Ralph G. Nichols and Leonard A. Stevens.
|
| 260 |
|
|
|a New York,
|b McGraw-Hill
|c 1957
|
| 300 |
|
|
|a 235 p. ;
|c 21 cm.
|
| 504 |
|
|
|a Includes bibliography (p. 223-226) and index.
|
| 541 |
1 |
|
|e 00000925
|
| 650 |
|
0 |
|a Listening.
|
| 700 |
1 |
|
|a Stevens, Leonard A..
|
| 852 |
4 |
|
|a Ayesha Abed library
|j General Shelf
|
| 999 |
|
|
|c 10119
|d 10119
|
| 952 |
|
|
|0 0
|1 0
|2 ddc
|4 0
|6 153_733000000000000_NIC
|7 0
|9 13378
|a BRACUL
|b BRACUL
|c GEN
|d 2010-12-02
|g 0.00
|l 3
|m 10
|o 153.733 NIC
|p 3010000925
|r 2016-08-24
|s 2016-06-26
|t 1
|w 2010-12-02
|y BK
|z Not price in Register
|